Lelaki alim yang tabah

Bibliographic Details
Main Author: Amer Haji Matsom
Format: Book
Published: Kuala Lumpur : Pustaka Bakti Wira , 1996
Series:Siri cerita moral
Subjects:

MARC

LEADER 00000cam a2200000 7i4500
001 0000008838
005 20111031.0
020 |a 9838270687 
090 0 0 |a JF   |b AME 
100 0 |a Amer Haji Matsom 
245 1 0 |a Lelaki alim yang tabah   |c Amer Haji Matsom 
260 |a Kuala Lumpur :   |b Pustaka Bakti Wira ,   |c 1996 
300 |a 28p. :   |b ill. ;   |c 25cm. 
490 0 |a Siri cerita moral 
650 0 0 |a Islamic stories, Malay 
999 |a 049427   |b BUKU   |c PINJAMAN   |e PERPUSTAKAAN KOMUNITI PETALING JAYA 
999 |a 049428   |b BUKU   |c PINJAMAN   |e PERPUSTAKAAN KOMUNITI PETALING JAYA 
999 |a 049429   |b BUKU   |c PINJAMAN   |e PERPUSTAKAAN KOMUNITI PETALING JAYA 
999 |a 084867   |b BUKU   |c PINJAMAN   |e PERPUSTAKAAN KOMUNITI PETALING JAYA